000 01565nam0a2200349 4500
001 RU\NLR\bibl\112436
005 20250615175448.0
010 _a5-97545-057-0
_92000
021 _aRU
_b2000-440и
_936и
035 _a(NLR Aleph) 001341081
090 _a861210
_c861210
100 _a20001011d2000 |||y0rusy50 ca
101 0 _arus
_ager
102 _aRU
105 _aa |||||||||
200 1 _aВладимир Галатенко
_dWladimir Galatenko
_e[Живопись, графика, ил.
_eАльбом
_fСост. Вильям Леонидович Мейланд
_gАвт. ст. Вильям Мейланд, Тамара Казавчинская]
_zger
210 _aМ.
_cГос.-обществ. фонд "Рос. немцы"
_d2000
215 _a[80] с.
_cил., цв. ил., факс.
_d28
300 _aТекст парал. на рус. и нем. яз.
510 1 _6z17790
_aWladimir Galatenko
_zger
600 1 _aГалатенко
_bВ. И.
_f1949 - 2021
_gВладимир Иванович
_jАльбомы
_92188221
_3RU\NLR\auth\661315549
686 _aЩ143(2Р=Нем)7-8Галатенко
700 1 _4070
_7ca
_8rus
_aГалатенко
_bВ. И.
_f1949-2021
_gВладимир Иванович
_9266998
_3RU\NLR\AUTH\770267054
702 1 _aМейланд
_bВ. Л.
_gВильям Леонидович
_4220
790 1 _6z17510
_aGalatenko
_bV.
_gVladimir
_4070
801 0 _aRU
_bNLR
_c20001011
_gPSBO
801 1 _aRU
_bNLR
_c20001011
852 _aNLR
_bЭ
_jАлИс590/2-Г151
942 _cBOOK
980 _aNB